[Event "35th European Club Cup 2019"]
[Site "Ulcinj"]
[Date "2019.11.12"]
[Round "3.8"]
[White "Simek, Petr"]
[Black "Sukovic, Andrej"]
[Result "1/2-1/2"]
[WhiteElo "2307"]
[BlackElo "2254"]
[Annotator "NA"]
[PlyCount "164"]
[EventDate "2019.11.10"]
[EventType "team-tourn"]
[EventCountry "MNE"]
[SourceTitle "playchess.com"]
[Source "ChessBase"]
[SourceQuality "1"]
[WhiteTeam "Unichess"]
[BlackTeam "Buducnost"]
[TimeControl "40/5400+30:1800+30"]

1. d4 {[%emt 0:00:00]} Nf6 {[%emt 0:00:00]} 2. c4 {[%emt 0:00:00]} g6 3. g3 Bg7 {[%emt 0:00:00]} 4. Bg2 {[%emt 0:00:00]} O-O {[%emt 0:00:09]} 5. Nc3 {[%emt 0:00:00]} d6 {[%emt 0:00:05]} 6. Nf3 {[%emt 0:00:00]} Nc6 {[%emt 0:00:06]} 7. O-O {[%emt 0:00:05]} Bg4 {[%emt 0:01:40]} 8. h3 {[%emt 0:06:15]} Bxf3 {[%emt 0:00:09]} 9. Bxf3 {[%emt 0:00:05]} Nd7 {[%emt 0:00:13]} 10. e3 {[%emt 0:11:31]} e5 {[%emt 0:00:21]} 11. dxe5 {[%emt 0:01:22]} Ncxe5 {[%emt 0:10:10]} 12. Bxb7 {[%emt 0:03:17]} Rb8 {[%emt 0:00:06]} 13. Bg2 {[%emt 0:00:06]} Nxc4 {[%emt 0:00:07]} 14. Qc2 {[%emt 0:00:06]} Nc5 15. Rb1 {[%emt 0:02:35]} a5 {[%emt 0:21:42]} 16. Rd1 {[%emt 0:08:49]} Ne5 {[%emt 0:34:55]} 17. b3 {[%emt 0:00:30]} h5 {[%emt 0:00:30]} 18. Bb2 {[%emt 0:03:58]} h4 {[%emt 0:06:31]} 19. g4 {[%emt 0:00:19]} Na6 {[%emt 0:02:37]} 20. Qe2 {[%emt 0:12:39]} Nc5 {[%emt 0:01:42]} 21. Ba1 {[%emt 0:00:22]} Ned7 {[%emt 0:00:34]} 22. Nb5 {[%emt 0:03:49]} Bxa1 {[%emt 0:01:30]} 23. Rxa1 {[%emt 0:00:04]} Ne6 {[%emt 0:01:24]} 24. Rac1 {[%emt 0:11:25]} Ndc5 {[%emt 0:00:30]} 25. Na7 {[%emt 0:01:00]} Qe8 {[%emt 0:05:09]} 26. Qd2 {[%emt 0:03:25]} Rb6 {[%emt 0:01:42]} 27. Qd5 {[%emt 0:06:55]} Nd8 {[%emt 0:02:08]} 28. a4 {[%emt 0:11:39]} Qe6 {[%emt 0:05:51]} 29. Rc3 {[%emt 0:01:48]} Qxd5 {[%emt 0:01:35]} 30. Bxd5 {[%emt 0:00:13]} Ra6 {[%emt 0:00:42]} 31. Nb5 {[%emt 0:06:49]} c6 {[%emt 0:00:04]} 32. Nxd6 {[%emt 0:00:03]} cxd5 {[%emt 0:00:03]} 33. Rxc5 {[%emt 0:00:12]} Rxd6 {[%emt 0:00:06]} 34. Rxa5 {[%emt 0:00:04]} Ne6 35. Raxd5 {[%emt 0:03:02]} Rb6 {[%emt 0:01:21]} 36. R1d3 {[%emt 0:03:13]} Rfb8 {[%emt 0:00:12]} 37. g5 {[%emt 0:00:16]} Rxb3 {[%emt 0:00:10]} 38. Rxb3 {[%emt 0:00:04]} Rxb3 {[%emt 0:00:06]} 39. Kg2 {[%emt 0:00:05]} Ra3 {[%emt 0:02:11]} 40. a5 {[%emt 0:00:00]} Kf8 {[%emt 0:00:00]} 41. Re5 {[%emt 0:01:43]} Ke7 {[%emt 0:02:33]} 42. f4 {[%emt 0:00:14]} Kd6 {[%emt 0:00:39]} 43. Kf3 {[%emt 0:00:45]} Nd4+ {[%emt 0:06:19]} 44. Kg4 {[%emt 0:00:11]} Nf5 {[%emt 0:02:42]} 45. Kf3 {[%emt 0:00:05]} Ra2 {[%emt 0:02:15]} 46. e4 {[%emt 0:03:41]} Ra3+ {[%emt 0:02:48]} 47. Kg2 {[%emt 0:01:36]} Ne3+ {[%emt 0:05:45]} 48. Kh2 {[%emt 0:00:11]} Ra2+ {[%emt 0:00:32]} 49. Kg1 {[%emt 0:00:13]} Nc4 {[%emt 0:02:05]} 50. Rd5+ {[%emt 0:00:17]} Kc6 {[%emt 0:01:45]} 51. Rd8 {[%emt 0:00:46]} Rxa5 {[%emt 0:02:42]} 52. Rc8+ {[%emt 0:00:08]} Kb5 {[%emt 0:00:04]} 53. Rc7 {[%emt 0:00:09]} Ra1+ {[%emt 0:03:14]} 54. Kg2 {[%emt 0:00:06]} Nd6 {[%emt 0:01:33]} 55. e5 {[%emt 0:00:17]} Ra2+ {[%emt 0:00:05]} 56. Kg1 {[%emt 0:02:16]} Nf5 {[%emt 0:02:52]} 57. Rxf7 {[%emt 0:00:06]} Kc5 {[%emt 0:00:31]} 58. Rf6 {[%emt 0:01:11]} Kd5 {[%emt 0:00:37]} 59. Rxg6 {[%emt 0:04:31]} Ke4 {[%emt 0:00:07]} 60. Rb6 {[%emt 0:00:04]} Kxf4 {[%emt 0:00:39]} 61. g6 {[%emt 0:00:09]} Kxe5 {[%emt 0:00:31]} 62. Rb4 {[%emt 0:00:24]} Ra7 {[%emt 0:01:20]} 63. Rg4 {[%emt 0:00:32]} Kf6 {[%emt 0:00:13]} 64. Kf2 {[%emt 0:00:39]} Rg7 {[%emt 0:00:05]} 65. Kf3 {[%emt 0:00:17]} Rxg6 {[%emt 0:00:20]} 66. Rxg6+ {[%emt 0:00:06]} Kxg6 {[%emt 0:00:05]} 67. Kg4 {[%emt 0:00:05]} Kf6 {[%emt 0:00:07]} 68. Kh5 {[%emt 0:00:17]} Ke6 {[%emt 0:01:55]} 69. Kg4 {[%emt 0:00:19]} Kf6 {[%emt 0:01:46]} 70. Kh5 {[%emt 0:00:04]} Kf7 {[%emt 0:00:08]} 71. Kg5 {[%emt 0:00:08]} Ke6 {[%emt 0:00:04]} 72. Kg4 {[%emt 0:00:08]} Ke5 {[%emt 0:00:20]} 73. Kg5 {[%emt 0:00:06]} Ke4 {[%emt 0:00:32]} 74. Kg4 {[%emt 0:00:05]} Ke3 {[%emt 0:00:46]} 75. Kxf5 {[%emt 0:00:06]} Kf3 {[%emt 0:00:03]} 76. Ke5 {[%emt 0:00:06]} Kg3 {[%emt 0:00:08]} 77. Ke4 {[%emt 0:00:05]} Kxh3 {[%emt 0:00:06]} 78. Kf3 {[%emt 0:00:03]} Kh2 {[%emt 0:00:02]} 79. Kf2 {[%emt 0:00:05]} h3 {[%emt 0:00:06]} 80. Kf1 {[%emt 0:00:03]} Kg3 {[%emt 0:00:04]} 81. Kg1 {[%emt 0:00:03]} h2+ 82. Kh1 {[%emt 0:00:03]} Kh3 1/2-1/2

[Event "35th European Club Cup 2019"]
[Site "Ulcinj"]
[Date "2019.11.12"]
[Round "3.9"]
[White "Bosiocic, Marin"]
[Black "Navara, David"]
[Result "1/2-1/2"]
[WhiteElo "2598"]
[BlackElo "2703"]
[Annotator "TA"]
[PlyCount "87"]
[EventDate "2019.11.10"]
[EventType "team-tourn"]
[EventCountry "MNE"]
[SourceTitle "playchess.com"]
[Source "ChessBase"]
[SourceQuality "1"]
[WhiteTeam "Valerenga"]
[BlackTeam "Novy Bor"]

{[%evp 23,87,11,7,0,0,0,0,0,0,0,0,0,0,0,0,0,0,0,11,23,7,13,4,-23,0,-41,-50,-54,-14,-17,-19,-16,-11,-6,-6,-29,-31,-31,-31,-31,-32,-32,0,0,0,0,0,0,8,0,0,0,0,0,0,0,0,0,0,0,0,0,0,0,0,0]} 1. d4 Nf6 2. Nf3 e6 3. g3 c5 4. Bg2 cxd4 5. O-O d5 6. Nxd4 e5 7. Nf3 Nc6 8. c4 d4 9. e3 Be7 10. exd4 exd4 11. Bf4 O-O 12. Ne5 Qb6 13. Qb3 {E01: Catalan: Early deviations} Na5 14. Qxb6 axb6 15. Nd2 Nh5 16. Rfe1 Nxf4 17. gxf4 Bb4 18. Rad1 Be6 19. a3 Bxd2 20. Rxd2 {[#]} Rad8 $146 ({Predecessor:} 20... Rfd8) 21. b4 Nxc4 22. Nxc4 Bxc4 23. Bxb7 b5 24. Re5 Rd6 25. f5 f6 26. Rc5 Re8 27. f3 Re3 28. Kf2 Rxa3 29. Rc8+ Kf7 30. Rc7+ Kf8 31. Rc8+ Ke7 32. Rc7+ Kd8 33. Rxg7 {The position is equal.} Ra2 34. Rxa2 Bxa2 $11 {[%mdl 4096] Endgame KRB-KRB} 35. Ke1 Bb1 36. Kd2 Bxf5 37. Be4 Bxe4 38. fxe4 {KR-KR} Rd7 39. Rg8+ Ke7 40. Rb8 d3 41. Rxb5 Rd4 42. Rb7+ Kd6 43. Rxh7 Rxe4 44. Kxd3 {Accuracy: White = 64%, Black = 71%.} 1/2-1/2

[Event "35th European Club Cup 2019"]
[Site "Ulcinj"]
[Date "2019.11.12"]
[Round "3.9"]
[White "Djukic, Nikola"]
[Black "Vrbata, Zbynek"]
[Result "1-0"]
[WhiteElo "2507"]
[BlackElo "2353"]
[Annotator "ChessBase"]
[PlyCount "53"]
[EventDate "2019.11.10"]
[EventType "team-tourn"]
[EventCountry "MNE"]
[SourceTitle "playchess.com"]
[Source "ChessBase"]
[SourceQuality "1"]
[WhiteTeam "Buducnost"]
[BlackTeam "Unichess"]
[TimeControl "40/5400+30:1800+30"]

1. e4 e6 2. d4 d5 3. Nc3 Bb4 4. e5 c5 5. a3 Bxc3+ 6. bxc3 Ne7 7. Qg4 Qc7 8. Bd3 cxd4 9. Ne2 dxc3 10. Qxg7 Rg8 11. Qxh7 Nbc6 {[%emt 0:12:37]} 12. Bf4 {[%emt 0:03:01]} Bd7 {[%emt 0:04:36]} 13. O-O {[%emt 0:01:13]} O-O-O {[%emt 0:11:04]} 14. Bg3 {[%emt 0:00:58]} Nxe5 {[%emt 0:05:25]} 15. Rfe1 N7c6 {[%emt 0:09:08]} 16. Nxc3 {[%emt 0:08:51]} a6 {[%emt 0:05:25]} 17. Qh6 {[%emt 0:15:18]} Qa5 {[%emt 0:06:25]} 18. Na2 f6 {[%emt 0:10:47]} 19. Nb4 {[%emt 0:30:41]} Rdf8 {[%emt 0:13:10]} 20. Rab1 {[%emt 0:10:17]} Qc5 {[%emt 0:09:01]} 21. Be2 {[%emt 0:08:44]} Nf7 {[%emt 0:04:27]} 22. Qd2 {[%emt 0:07:09]} Ng5 {[%emt 0:00:34]} 23. Bd3 {[%emt 0:02:47]} Ne5 {[%emt 0:03:03]} 24. Qe2 {[%emt 0:00:52]} Nc4 {[%emt 0:02:31]} 25. Nxa6 {[%emt 0:00:43]} Qd4 {[%emt 0:01:01]} 26. c3 {[%emt 0:02:21]} Qa7 {[%emt 0:01:01]} 27. Bxc4 {[%emt 0:00:41]} 1-0

[Event "35th European Club Cup 2019"]
[Site "Ulcinj"]
[Date "2019.11.12"]
[Round "3.9"]
[White "Sokolov, Andrei"]
[Black "Beerdsen, Thomas"]
[Result "0-1"]
[WhiteElo "2497"]
[BlackElo "2468"]
[Annotator "ChessBase"]
[PlyCount "100"]
[EventDate "2019.11.10"]
[EventType "team-tourn"]
[EventCountry "MNE"]
[SourceTitle "playchess.com"]
[Source "ChessBase"]
[SourceQuality "1"]
[WhiteTeam "Mulhouse"]
[BlackTeam "Echiquier Mosan"]
[TimeControl "40/5400+30:1800+30"]

1. e4 c5 2. Nf3 e6 3. d4 cxd4 4. Nxd4 Nc6 5. Nc3 Qc7 6. Be3 a6 7. Qd2 Nf6 8. O-O-O Bb4 9. f3 b5 10. g4 h6 11. Nxc6 Qxc6 12. Bd4 Be7 13. Bd3 b4 14. Ne2 d5 15. Ng3 Bb7 16. Kb1 O-O-O 17. e5 Nd7 18. f4 Nb6 19. b3 Kb8 20. Qe3 Nd7 21. Rc1 Bc5 22. Ne2 Qb6 23. c3 Rc8 24. cxb4 Qxb4 25. Rc2 Rc7 26. Rhc1 Rhc8 27. f5 a5 28. fxe6 fxe6 29. Bxc5 Nxc5 30. Nd4 a4 31. Bg6 axb3 32. axb3 Ba6 33. Qd2 Qxd2 34. Rxd2 Ne4 35. Rxc7 Nxd2+ 36. Kc2 Rxc7+ 37. Kxd2 Bc8 38. h4 Rb7 39. g5 hxg5 40. hxg5 Kc7 41. Bf7 Rb6 42. Kc3 Kd7 43. b4 Ba6 44. Bh5 Bc4 45. Bf7 Ke7 46. g6 Bb5 47. Nb3 Be8 48. Bxe8 Kxe8 49. Nd4 Kd7 50. b5 Rb8 0-1

[Event "35th European Club Cup 2019"]
[Site "Ulcinj"]
[Date "2019.11.12"]
[Round "3.10"]
[White "Ragger, Markus"]
[Black "Predojevic, Borki"]
[Result "1/2-1/2"]
[WhiteElo "2669"]
[BlackElo "2621"]
[Annotator "TA"]
[PlyCount "73"]
[EventDate "2019.11.10"]
[EventType "team-tourn"]
[EventCountry "MNE"]
[SourceTitle "playchess.com"]
[Source "ChessBase"]
[SourceQuality "1"]
[WhiteTeam "Novy Bor"]
[BlackTeam "Valerenga"]

{[%evp 18,73,0,-7,10,10,10,10,16,7,17,5,19,26,26,14,14,6,10,1,3,3,8,8,3,10,0,0,0,0,0,0,0,0,0,0,0,0,0,0,0,0,0,0,0,0,0,0,0,0,0,0,0,0,0,0,0,0]} 1. Nf3 d5 2. g3 Nf6 3. Bg2 e6 4. O-O Be7 5. d3 O-O 6. Nbd2 c5 7. e4 Nc6 8. Re1 b5 9. exd5 exd5 10. d4 Re8 $146 {C00: French: Unusual White 2nd moves} ({Predecessor:} 10... Bg4 11. h3 Bh5 12. dxc5 Bxc5 13. Nb3 Bb6 14. a4 bxa4 15. Rxa4 Re8 16. Bg5 Rxe1+ 17. Qxe1 h6 18. Be3 {½-½ (31) Topalov,V (2772)-Caruana,F (2791) Flor & Fjaere 2014}) 11. dxc5 Bxc5 {[#] And now ...Ng4 would win.} 12. Nb3 Bb6 13. Bg5 {next Rxe8+ is good for White.} Rxe1+ 14. Qxe1 Bf5 15. c3 Be4 16. Rd1 h6 {[#] aiming for ...Bxf3.The position is equal.} 17. Bxf6 Qxf6 18. Nfd4 Bxg2 19. Kxg2 Nxd4 20. Nxd4 b4 21. Qd2 bxc3 22. bxc3 Rc8 23. Re1 Rc4 {[%cal Rb6d4]} 24. Re3 Bxd4 25. cxd4 Rxd4 $11 {[%mdl 4096] Endgame KQR-KQR} 26. Qc3 Rc4 27. Qxf6 gxf6 {KR-KR} 28. Ra3 Rc7 29. Kf3 Kg7 30. Ke3 Kg6 31. Ra5 Rc2 32. Rxa7 d4+ 33. Kf3 d3 34. a4 d2 35. Rd7 Ra2 36. a5 Rxa5 37. Ke4 {Accuracy: White = 75%, Black = 82%.} 1/2-1/2

[Event "35th European Club Cup 2019"]
[Site "Ulcinj"]
[Date "2019.11.12"]
[Round "3.10"]
[White "Umudova, Nargiz"]
[Black "Papadiamandis, Elliot"]
[Result "0-1"]
[WhiteElo "2270"]
[BlackElo "2220"]
[Annotator "NA"]
[PlyCount "80"]
[EventDate "2019.11.10"]
[EventType "team-tourn"]
[EventCountry "MNE"]
[SourceTitle "playchess.com"]
[Source "ChessBase"]
[SourceQuality "1"]
[WhiteTeam "Echiquier Mosan"]
[BlackTeam "Mulhouse"]
[TimeControl "40/5400+30:1800+30"]

1. e4 {[%emt 0:00:00]} c5 {[%emt 0:00:00]} 2. Nf3 {[%emt 0:00:00]} d6 {[%emt 0:00:00]} 3. Bb5+ {[%emt 0:00:00]} Nd7 {[%emt 0:00:00]} 4. d4 {[%emt 0:00:01]} cxd4 {[%emt 0:00:03]} 5. Qxd4 {[%emt 0:00:05]} a6 {[%emt 0:00:18]} 6. Be2 {[%emt 0:00:07]} e5 {[%emt 0:02:57]} 7. Qe3 {[%emt 0:00:11]} Qa5+ {[%emt 0:11:29]} 8. Bd2 {[%emt 0:14:38]} Qc5 {[%emt 0:01:28]} 9. c4 {[%emt 0:02:44]} Ngf6 {[%emt 0:00:55]} 10. Nc3 {[%emt 0:00:53]} Be7 {[%emt 0:04:29]} 11. O-O {[%emt 0:01:10]} Qxe3 {[%emt 0:02:07]} 12. Bxe3 {[%emt 0:00:11]} Ng4 {[%emt 0:00:08]} 13. Bd2 {[%emt 0:10:20]} Nc5 {[%emt 0:00:56]} 14. b4 {[%emt 0:05:22]} Ne6 {[%emt 0:00:21]} 15. Nd5 {[%emt 0:06:42]} Bd8 {[%emt 0:04:16]} 16. Rfd1 {[%emt 0:08:32]} Nf6 {[%emt 0:07:19]} 17. Nxf6+ {[%emt 0:04:01]} Bxf6 {[%emt 0:00:44]} 18. Be3 {[%emt 0:03:50]} Be7 {[%emt 0:04:32]} 19. Nd2 {[%emt 0:02:35]} O-O {[%emt 0:01:30]} 20. Nb1 {[%emt 0:01:43]} a5 {[%emt 0:13:30]} 21. b5 {[%emt 0:06:04]} Nd4 {[%emt 0:04:10]} 22. Bxd4 {[%emt 0:03:53]} exd4 {[%emt 0:00:22]} 23. Nd2 {[%emt 0:00:37]} Bf6 {[%emt 0:01:29]} 24. Rac1 {[%emt 0:03:26]} a4 {[%emt 0:02:02]} 25. f4 {[%emt 0:08:26]} Re8 {[%emt 0:02:04]} 26. Bf3 {[%emt 0:02:10]} g5 {[%emt 0:04:27]} 27. e5 {[%emt 0:06:20]} dxe5 {[%emt 0:03:50]} 28. Ne4 {[%emt 0:00:31]} Be7 {[%emt 0:01:58]} 29. fxe5 {[%emt 0:03:19]} g4 {[%emt 0:01:48]} 30. Be2 {[%emt 0:00:13]} Bf5 {[%emt 0:00:29]} 31. Bd3 {[%emt 0:03:33]} Bxe4 {[%emt 0:02:55]} 32. Bxe4 {[%emt 0:00:01]} Bc5 {[%emt 0:00:54]} 33. Bxb7 {[%emt 0:03:39]} Ra7 {[%emt 0:01:29]} 34. Bd5 {[%emt 0:00:18]} Rxe5 {[%emt 0:00:17]} 35. Rb1 {[%emt 0:01:16]} Rae7 {[%emt 0:01:04]} 36. g3 {[%emt 0:00:37]} d3+ {[%emt 0:00:56]} 37. Kh1 {[%emt 0:00:08]} d2 {[%emt 0:00:23]} 38. Bg2 {[%emt 0:00:49]} Re1+ {[%emt 0:00:42]} 39. Bf1 {[%emt 0:00:01]} Rxd1 {[%emt 0:00:12]} 40. Rxd1 {[%emt 0:00:00]} Re1 {[%emt 0:00:00]} 0-1

[Event "35th European Club Cup 2019"]
[Site "Ulcinj"]
[Date "2019.11.12"]
[Round "3.10"]
[White "Bartos, Jan"]
[Black "Darmanovic, Srdjan"]
[Result "1/2-1/2"]
[WhiteElo "2136"]
[BlackElo "2192"]
[Annotator "NA"]
[PlyCount "64"]
[EventDate "2019.11.10"]
[EventType "team-tourn"]
[EventCountry "MNE"]
[SourceTitle "playchess.com"]
[Source "ChessBase"]
[SourceQuality "1"]
[WhiteTeam "Unichess"]
[BlackTeam "Buducnost"]
[TimeControl "40/5400+30:1800+30"]

1. d4 Nf6 2. Nf3 e6 3. e3 b6 4. Bd3 Bb7 5. O-O c5 6. c4 Be7 7. Nc3 cxd4 8. exd4 d6 9. d5 e5 10. Bd2 O-O 11. b4 Nbd7 12. Qc2 Rc8 13. Rfe1 a6 14. Qb3 g6 {[%emt 0:32:15]} 15. h3 {[%emt 0:46:09]} Re8 {[%emt 0:04:35]} 16. Bf1 Bf8 {[%emt 0:00:33]} 17. a4 {[%emt 0:01:45]} Bg7 {[%emt 0:05:49]} 18. Ra2 {[%emt 0:02:02]} h6 {[%emt 0:00:30]} 19. Be3 {[%emt 0:02:15]} Qc7 {[%emt 0:15:28]} 20. Rc1 {[%emt 0:04:11]} Rb8 {[%emt 0:06:29]} 21. a5 {[%emt 0:02:29]} bxa5 {[%emt 0:08:41]} 22. Rxa5 {[%emt 0:00:30]} Rec8 {[%emt 0:01:03]} 23. Qa3 {[%emt 0:03:18]} Bf8 {[%emt 0:04:02]} 24. Nd2 {[%emt 0:10:35]} Qd8 {[%emt 0:02:55]} 25. Nb3 {[%emt 0:10:30]} Kh7 {[%emt 0:04:23]} 26. Qa2 {[%emt 0:00:57]} Kg7 {[%emt 0:02:01]} 27. Qd2 {[%emt 0:01:20]} Kh7 {[%emt 0:00:12]} 28. Ra3 {[%emt 0:01:26]} Nb6 {[%emt 0:02:55]} 29. Na5 {[%emt 0:00:52]} Ba8 {[%emt 0:00:43]} 30. Na4 {[%emt 0:01:42]} Nfd7 {[%emt 0:06:06]} 31. Nxb6 {[%emt 0:02:06]} Nxb6 {[%emt 0:00:01]} 32. Nb3 {[%emt 0:01:29]} f5 {[%emt 0:03:39]} 1/2-1/2

[Event "35th European Club Cup 2019"]
[Site "Ulcinj"]
[Date "2019.11.12"]
[Round "3.11"]
[White "Romanov, Evgeny"]
[Black "Sasikiran, Krishnan"]
[Result "1/2-1/2"]
[WhiteElo "2597"]
[BlackElo "2660"]
[Annotator "TA"]
[PlyCount "73"]
[EventDate "2019.11.10"]
[EventType "team-tourn"]
[EventCountry "MNE"]
[SourceTitle "playchess.com"]
[Source "ChessBase"]
[SourceQuality "1"]
[WhiteTeam "Valerenga"]
[BlackTeam "Novy Bor"]

{[%evp 15,73,-21,-20,-42,0,0,-13,-27,0,0,0,0,-16,0,-16,-56,-56,-48,-68,-54,-66,-56,-45,-45,-58,-61,-46,-74,-71,-94,-79,-94,-105,-120,-129,-113,-121,-120,-108,-121,-122,-158,-100,-110,-107,-88,-98,-164,-166,-150,-83,-80,-29,-32,-15,-15,0,-58,0,-16]} 1. d4 Nf6 2. Nf3 g6 3. Bg5 Bg7 4. Nbd2 O-O 5. c3 d5 6. e3 Nbd7 7. Be2 Re8 8. b4 e5 9. h3 {D03: 1 d4 d5 2 Nf3 Nf6 3 Bg5, including Torre Attack with early ...d5} c6 10. O-O a5 (10... Qe7 11. Rc1 e4 12. Ne1 Nb6 13. a3 Be6 14. c4 h6 15. Bh4 g5 16. Bg3 Nxc4 17. Nxc4 dxc4 18. Bxc4 Bxc4 19. Rxc4 {0-1 (28) Shimanov,A (2626)-Jones,G (2677) chess.com INT 2018}) 11. b5 a4 12. bxc6 $146 ({Predecessor:} 12. Rc1 Qa5 13. bxc6 bxc6 14. c4 exd4 15. Nxd4 c5 16. N4f3 Ne4 17. Nxe4 dxe4 {1-0 (70) Tsolakidou,S (2387)-Khotenashvili,B (2479) St Petersburg 2018}) 12... bxc6 13. c4 Qa5 {next ...Ne4 is good for Black.} 14. cxd5 cxd5 {Threatens to win with ...Ne4.} 15. dxe5 Ne4 16. Nxe4 dxe4 17. Nd4 {And now Nc6 would win.} Nxe5 18. Bb5 Bd7 19. Rb1 Bxb5 20. Rxb5 Qc3 21. Rb6 Qc5 22. Qb1 Nd3 23. Qb5 {[#]} Qxb5 $1 24. Nxb5 Reb8 25. Rxb8+ Rxb8 26. Rb1 {[#]} f5 $1 27. Be7 Be5 28. f3 Re8 ({Black should try} 28... Kf7 29. Bg5 Rb6) 29. Bg5 Rc8 30. fxe4 fxe4 31. Be7 (31. Nd4 $17) 31... Rc2 $19 32. a3 Nc1 (32... Kf7 $142 33. Bd6 Bb2) 33. Bd6 Ne2+ (33... Bb2 $17) 34. Kf1 $11 Ng3+ 35. Kg1 Ne2+ 36. Kf1 Ng3+ 37. Kg1 {Accuracy: White = 53%, Black = 62%.} 1/2-1/2

[Event "35th European Club Cup 2019"]
[Site "Ulcinj"]
[Date "2019.11.12"]
[Round "3.11"]
[White "Netzer, Jacques"]
[Black "Noiroux, Kevin"]
[Result "1-0"]
[WhiteElo "2284"]
[BlackElo "2170"]
[Annotator "NA"]
[PlyCount "61"]
[EventDate "2019.11.10"]
[EventType "team-tourn"]
[EventCountry "MNE"]
[SourceTitle "playchess.com"]
[Source "ChessBase"]
[SourceQuality "1"]
[WhiteTeam "Mulhouse"]
[BlackTeam "Echiquier Mosan"]
[TimeControl "40/5400+30:1800+30"]

1. e4 {[%emt 0:00:00]} d5 {[%emt 0:00:00]} 2. exd5 {[%emt 0:00:00]} Qxd5 {[%emt 0:00:00]} 3. Nc3 {[%emt 0:00:00]} Qa5 {[%emt 0:00:00]} 4. Bc4 {[%emt 0:00:00]} Nf6 {[%emt 0:00:00]} 5. d3 {[%emt 0:00:04]} Bg4 {[%emt 0:00:10]} 6. f3 {[%emt 0:00:06]} Bd7 {[%emt 0:00:05]} 7. f4 {[%emt 0:01:25]} Qb6 {[%emt 0:14:17]} 8. Qe2 {[%emt 0:12:08]} Nc6 {[%emt 0:11:40]} 9. Nf3 {[%emt 0:00:06]} e6 {[%emt 0:01:52]} 10. Bd2 {[%emt 0:04:38]} Nd4 {[%emt 0:09:36]} 11. Nxd4 {[%emt 0:14:03]} Qxd4 {[%emt 0:00:09]} 12. Be3 {[%emt 0:01:06]} Qd6 {[%emt 0:00:23]} 13. O-O-O {[%emt 0:00:38]} a6 {[%emt 0:11:04]} 14. Rhe1 {[%emt 0:20:43]} b5 {[%emt 0:10:18]} 15. Ne4 {[%emt 0:05:40]} Qc6 {[%emt 0:01:24]} 16. Nxf6+ {[%emt 0:00:19]} gxf6 {[%emt 0:00:02]} 17. Bb3 {[%emt 0:00:19]} a5 {[%emt 0:19:59]} 18. d4 {[%emt 0:01:30]} Qe4 {[%emt 0:00:06]} 19. d5 {[%emt 0:08:05]} a4 {[%emt 0:09:37]} 20. Rd4 {[%emt 0:03:37]} Qg6 {[%emt 0:01:32]} 21. dxe6 {[%emt 0:03:35]} fxe6 {[%emt 0:00:08]} 22. Rxd7 {[%emt 0:16:37]} axb3 {[%emt 0:00:02]} 23. Rxc7 {[%emt 0:00:08]} Bd6 {[%emt 0:00:35]} 24. Qxb5+ {[%emt 0:02:37]} Kf8 {[%emt 0:00:02]} 25. f5 {[%emt 0:00:11]} exf5 {[%emt 0:04:10]} 26. Bc5 {[%emt 0:01:20]} Qg5+ {[%emt 0:02:49]} 27. Kb1 {[%emt 0:03:04]} Qd2 {[%emt 0:02:29]} 28. Bxd6+ {[%emt 0:00:23]} Qxd6 {[%emt 0:00:02]} 29. Qc4 {[%emt 0:00:13]} bxc2+ {[%emt 0:01:17]} 30. Kxc2 {[%emt 0:00:35]} Qxc7 {[%emt 0:00:37]} 31. Qxc7 {[%emt 0:00:05]} 1-0

[Event "35th European Club Cup 2019"]
[Site "Ulcinj"]
[Date "2019.11.12"]
[Round "3.11"]
[White "Alivodic, Dario"]
[Black "Lamser, Jan"]
[Result "0-1"]
[WhiteElo "2082"]
[BlackElo "2134"]
[Annotator "ChessBase"]
[PlyCount "103"]
[EventDate "2019.11.10"]
[EventType "team-tourn"]
[EventCountry "MNE"]
[SourceTitle "playchess.com"]
[Source "ChessBase"]
[SourceQuality "1"]
[WhiteTeam "Buducnost"]
[BlackTeam "Unichess"]
[TimeControl "40/5400+30:1800+30"]

1. d4 d5 2. c4 e6 3. Nc3 c5 4. cxd5 exd5 5. Nf3 Nc6 6. e3 Nf6 7. Be2 Be7 8. O-O O-O 9. b3 Re8 10. Bb2 Bg4 11. Rc1 Bxf3 12. Bxf3 cxd4 13. exd4 Bb4 14. a3 Bxc3 15. Bxc3 Ne4 16. Bb2 Qb6 17. Qd3 Re6 18. Bg4 Re7 19. b4 Rae8 20. Rfe1 Ne5 21. Qd1 Nc4 22. Ba1 Kf8 23. Be2 Qf6 24. f3 {[%emt 1:35:30]} Ned2 {[%emt 1:13:00]} 25. Kh1 Qg5 {[%emt 0:00:28]} 26. f4 {[%emt 0:03:18]} Qxf4 {[%emt 0:00:35]} 27. Bc3 {[%emt 0:02:01]} Qf2 {[%emt 0:00:46]} 28. Rg1 {[%emt 0:02:40]} Rxe2 29. Bxd2 {[%emt 0:00:11]} Rxd2 {[%emt 0:00:57]} 30. Qh5 {[%emt 0:00:08]} Qxd4 {[%emt 0:03:16]} 31. Qxh7 {[%emt 0:00:41]} Ree2 {[%emt 0:03:22]} 32. Qh8+ {[%emt 0:00:17]} Ke7 {[%emt 0:00:05]} 33. Qc8 {[%emt 0:00:19]} Qe4 {[%emt 0:01:35]} 34. Qxb7+ {[%emt 0:00:28]} Kf8 {[%emt 0:00:53]} 35. Qb8+ {[%emt 0:01:05]} Qe8 {[%emt 0:00:14]} 36. Qxa7 {[%emt 0:00:24]} g6 {[%emt 0:02:39]} 37. Rcf1 {[%emt 0:00:51]} Ne3 {[%emt 0:01:00]} 38. Re1 {[%emt 0:00:35]} Nf5 {[%emt 0:01:14]} 39. Rxe2 {[%emt 0:00:30]} Qxe2 {[%emt 0:00:15]} 40. Qb8+ {[%emt 0:00:00]} Kg7 41. b5 {[%emt 0:02:37]} Nd4 {[%emt 0:05:13]} 42. Qg3 {[%emt 0:11:10]} Nxb5 {[%emt 0:01:12]} 43. a4 {[%emt 0:00:08]} Rd3 {[%emt 0:02:01]} 44. Qf4 {[%emt 0:00:53]} Nd4 {[%emt 0:00:57]} 45. a5 {[%emt 0:01:09]} Qe4 {[%emt 0:03:03]} 46. Qf2 {[%emt 0:00:33]} Qe3 {[%emt 0:02:17]} 47. Qb2 {[%emt 0:01:09]} Rd2 {[%emt 0:01:54]} 48. Qa1 {[%emt 0:00:06]} Kh7 {[%emt 0:02:14]} 49. a6 {[%emt 0:00:34]} Nf5 50. Qf6 {[%emt 0:00:57]} Qe7 {[%emt 0:04:44]} 51. Qc3 {[%emt 0:03:47]} Ra2 {[%emt 0:00:27]} 52. Qb3 {[%emt 0:01:58]} 0-1